Asian crisis: One year (Record no. 41654)

MARC details
000 -LEADER
fixed length control field 00340nam a2200133Ia 4500
082 ## - DEWEY DECIMAL CLASSIFICATION NUMBER
Classification number NR:339.747
Item number JUM
100 ## - MAIN ENTRY--AUTHOR NAME
Personal name Prachaya
245 #0 - TITLE STATEMENT
Title Asian crisis: One year
260 ## - PUBLICATION, DISTRIBUTION, ETC. (IMPRINT)
Place of publication United Kingdom
Name of publisher IRSG
650 ## - SUBJECT ADDED ENTRY--TOPICAL TERM
Topical Term Asian currency crisis
650 ## - SUBJECT ADDED ENTRY--TOPICAL TERM
Topical Term Rubber end use industries
942 ## - ADDED ENTRY ELEMENTS (KOHA)
Koha item type Books
Holdings
Withdrawn status Lost status Damaged status Not for loan Home library Current library Date acquired Cost, normal purchase price Full call number Accession Number Koha item type
        RRII Library RRII Library 16/12/2021 15.00 NR:339.747 JUM 21940 Books